Adequacy, Suitability, Effectiveness and Efficiency of Quality Management Systems, How to Perceive and Assess Them?
En este documento se muestra un conjunto de informacin̤ original relacionada con los requerimientos del estǹdar ISO 9000:2015 enfocados en la evaluacin̤ y revisin̤ de la conveniencia, adecuacin̤ y eficacia de los sistemas de gestin̤ de calidad. Para ello, el autor se vali ̤de lluvia de ideas, inves...
Gespeichert in:
| Weitere Verfasser: | , |
|---|---|
| Format: | Buch |
| Sprache: | Englisch |
| Schlagworte: | |
| Online-Zugang: | Adequacy, Suitability, Effectiveness and Efficiency of Quality Management Systems, How to Perceive and Assess Them? |
| Tags: |
Tag hinzufügen
Keine Tags, Fügen Sie den ersten Tag hinzu!
|
MARC
| LEADER | 00000nam a22000004a 4500 | ||
|---|---|---|---|
| 001 | vpro14397 | ||
| 005 | 20201223000000.0 | ||
| 008 | 190204s2019 ck # g## #001 0#eng#d | ||
| 020 | |a 1335-1745 (versin̤ impresa); 1338-984X (versin̤ electrn̤ica) | ||
| 022 | |||
| 040 | |a CO-BoINGC | ||
| 041 | 0 | |a eng | |
| 245 | 1 | 0 | |a Adequacy, Suitability, Effectiveness and Efficiency of Quality Management Systems, How to Perceive and Assess Them? |
| 246 | |a Conveniencia, adecuacin̤, eficacia y eficiencia de los sistemas de gestin̤ de calidad. <U+00BF>Cm̤o percibirlos y evaluarlos? | ||
| 264 | |a Bogot ̀(Colombia) : |b Revista VirtualPRO, |c 2019 | ||
| 520 | 3 | |a En este documento se muestra un conjunto de informacin̤ original relacionada con los requerimientos del estǹdar ISO 9000:2015 enfocados en la evaluacin̤ y revisin̤ de la conveniencia, adecuacin̤ y eficacia de los sistemas de gestin̤ de calidad. Para ello, el autor se vali ̤de lluvia de ideas, investigacin̤ de campo, seminarios, anl̀isis comparado de literatura, entrevistas y revisin̤ de diseǫ. | |
| 650 | \ | \ | |a Sistemas de gestin̤ de la calidad |
| 650 | \ | \ | |a Systems of quality management |
| 650 | \ | \ | |a Calidad |
| 650 | \ | \ | |a Sistemas de gestin̤ de calidad |
| 650 | \ | \ | |a Estǹdares ISO |
| 650 | \ | \ | |a ISO 9000:2015 |
| 650 | \ | \ | |a Conveniencia |
| 650 | \ | \ | |a Adecuacin̤ |
| 650 | \ | \ | |a Eficacia |
| 650 | \ | \ | |a Eficiencia |
| 650 | \ | \ | |a Evaluacin̤ del desempeǫ |
| 650 | \ | \ | |a Quality |
| 650 | \ | \ | |a Quality management systems |
| 650 | \ | \ | |a ISO standards |
| 650 | \ | \ | |a ISO 9000:2015 |
| 650 | \ | \ | |a Adequacy |
| 650 | \ | \ | |a Suitability |
| 650 | \ | \ | |a Effectiveness |
| 650 | \ | \ | |a Efficiency |
| 650 | \ | \ | |a Performance assessment |
| 700 | \ | \ | |a Nenadl̀ Jaroslav |
| 700 | \ | \ | |a Technical University of Ko¿Łice |
| 856 | |z Adequacy, Suitability, Effectiveness and Efficiency of Quality Management Systems, How to Perceive and Assess Them? |u https://virtualpro.unach.elogim.com/biblioteca/conveniencia-adecuacion-eficacia-y-eficiencia-de-los-sistemas-de-gestion-de-calidad-como-percibirlos-y-evaluarlos- | ||